000 00881nam0a2200301 4500
001 RU\NLR\bibl\1003007
005 20260409073324.0
010 _a5-9684-0471-X
_94000
021 _aRU
_b2006-60013
_92981
035 _a(NLR Aleph) 000990703
090 _a517020
_c517020
100 _a20061101d2006 |||y0rusy50 ca
101 0 _arus
102 _aRU
105 _aa |||||||||
200 1 _aФэн-шуй и карма вашего дома
_fТу Лил
210 _aСанкт-Петербург
_cВектор
_d2006
215 _a125 с.
_cил.
_d22
225 1 _aАкадемия Фэн-шуй
606 _8rus
_aФэн-шуй
_7ca
_3RU\NLR\auth\661259693
_92083627
686 _aЮ3(5Кит)3
686 _aЮ969
700 1 _aЛил
_bТ.
_gТу
_4070
801 0 _aRU
_bNLR
_c20061101
_grcr
801 1 _aRU
_bNLR
_c20061101
942 _cBOOK
980 _aNB